Đang tải...

Asian development review

Chi tiết về thư mục
Tác giả khác: Compbell, Burnham O. (Biên tập viên)
Ngôn ngữ:English
Được phát hành: Philippines A.D.B. 1985
Những chủ đề:
LEADER 00523nam a22001577a 4500
005 20151215125857.0
008 100129t xxu||||| |||| 00| 0 eng d
082 |a 338.950 5  |b ADR 
100 |a Compbell, Burnham O.  |e Editor  |9 18603 
245 |a Asian development review 
653 |a Bound Volume 
942 |c BV  |6 _ 
260 |b A.D.B.  |c 1985  |a Philippines 
500 |a Vol. 3, (No.1-2) 
999 |c 110051  |d 110051 
952 |0 0  |1 0  |2 ddc  |4 0  |6 338950_5ADR  |7 0  |9 140207  |a SMS  |b SMS  |c REF  |d 2010-01-29  |o 338.950 5 ADR  |p SMS015284  |r 2010-01-29  |w 2010-01-29  |y BV